[Event "Izhevsk Krasnoperov Memorial"]
[Site "Izhevsk"]
[Date "2008.09.??"]
[Round "5"]
[White "Bykov, Andrei"]
[Black "Novoselov, Alexander"]
[Result "1-0"]
[WhiteElo "2257"]
[BlackElo "2020"]
[PlyCount "67"]
[EventDate "2008.09.??"]
[EventType "tourn"]
[EventRounds "9"]
[EventCountry "RUS"]
[SourceTitle "EXT 2010"]
[Source "ChessBase"]
[SourceDate "2010.11.25"]
[SourceVersion "1"]
[SourceVersionDate "2010.11.25"]
[SourceQuality "1"]

1. d4 d5 2. c4 e6 3. Nc3 Nf6 4. Bg5 Nbd7 5. e3 Be7 6. cxd5 exd5 7. Bd3 Nf8 8. Nge2 Ne6 9. Bh4 0-0 10. Qc2 g6 11. 0-0-0 c6 12. f3 b5 13. Kb1 Rb8 14. g4 Ng7 15. Rdg1 Ne4 16. Bxe7 Nxc3+ 17. Nxc3 Qxe7 18. Nd1 Qd6 19. h4 h6 20. f4 Rb7 21. f5 Rc7 22. Nc3 a6 23. fxg6 fxg6 24. Bxg6 c5 25. dxc5 Qxc5 26. Nxd5 Qxd5 27. Qxc7 Be6 28. b3 Bxg4 29. Rxg4 Qxh1+ 30. Kb2 Rf2+ 31. Bc2 Rf7 32. Qd8+ Rf8 33. Qd7 Rf7 34. Qe8+ 1-0

[Event "Izhevsk Krasnoperov Memorial"]
[Site "Izhevsk"]
[Date "2008.09.??"]
[Round "4"]
[White "Filipenko, Alexander V"]
[Black "Bykov, Andrei"]
[Result "0-1"]
[WhiteElo "2341"]
[BlackElo "2257"]
[PlyCount "126"]
[EventDate "2008.09.??"]
[EventType "tourn"]
[EventRounds "9"]
[EventCountry "RUS"]
[SourceTitle "EXT 2010"]
[Source "ChessBase"]
[SourceDate "2010.11.25"]
[SourceVersion "1"]
[SourceVersionDate "2010.11.25"]
[SourceQuality "1"]

1. e4 e5 2. Nf3 Nc6 3. Bb5 a6 4. Ba4 Nf6 5. 0-0 Be7 6. Re1 b5 7. Bb3 d6 8. a4 Bg4 9. c3 0-0 10. d3 Qd7 11. Nbd2 Na5 12. Bc2 c5 13. h3 Bh5 14. Nf1 Rfe8 15. Ng3 Bg6 16. Nh4 d5 17. Ngf5 Bf8 18. Bg5 Qc6 19. axb5 axb5 20. Qf3 dxe4 21. dxe4 Nd7 22. b3 Nb6 23. Reb1 Nb7 24. Bc1 Rxa1 25. Rxa1 Ra8 26. Rxa8 Nxa8 27. Qd1 Nc7 28. Nxg6 hxg6 29. Ne3 Nd6 30. Nd5 Ne6 31. Bb2 Qa6 32. Qa1 Qxa1+ 33. Bxa1 f6 34. h4 Kf7 35. Bb2 Ke8 36. f3 Kd7 37. Kf2 Kc6 38. g4 g5 39. h5 Nf4 40. h6 gxh6 41. Nxf6 Bg7 42. Nh5 Nxh5 43. gxh5 Ne8 44. c4 b4 45. f4 gxf4 46. Bd1 Kd6 47. Bg4 Bf6 48. Bc1 Bh4+ 49. Ke2 Ke7 50. Bd2 Kf6 51. Kf3 Kg5 52. Bd7 Nf6 53. Be6 Nxh5 54. Bf7 Nf6 55. Bxb4 cxb4 56. c5 Nd7 57. c6 Nb6 58. Be6 Na8 59. Bh3 Be1 60. Ke2 Bc3 61. Kd3 Kh4 62. Bf1 Nb6 63. c7 Kg3 0-1

[Event "Udmurtia-ch"]
[Site "Izhevsk"]
[Date "2007.12.06"]
[Round "1"]
[White "Pushin, Vladimir"]
[Black "Bykov, Andrei"]
[Result "1-0"]
[WhiteElo "2297"]
[BlackElo "2279"]
[PlyCount "71"]
[EventDate "2007.12.06"]
[EventType "tourn"]
[EventRounds "11"]
[EventCountry "RUS"]
[SourceTitle "CBM 122 Extra"]
[Source "ChessBase"]
[SourceDate "2008.03.04"]
[SourceVersion "1"]
[SourceVersionDate "2008.03.04"]
[SourceQuality "1"]

1. c4 c6 2. Nc3 d5 3. d4 Nf6 4. Nf3 e6 5. cxd5 exd5 6. Bg5 Be7 7. e3 Bf5 8. Nh4 Be6 9. Bd3 Ne4 10. Bxe7 Qxe7 11. Nf3 Nxc3 12. bxc3 Nd7 13. Rb1 Nf6 14. Qb3 b6 15. Ne5 Bd7 16. 0-0 0-0 17. c4 dxc4 18. Bxc4 Rac8 19. Rbc1 Rc7 20. Rfd1 Bc8 21. f3 Bb7 22. e4 c5 23. Qb2 cxd4 24. Qxd4 h6 25. Ng6 Qc5 26. Bxf7+ Kxf7 27. Rxc5 bxc5 28. Qd6 Rfc8 29. Ne5+ Kg8 30. Qe6+ Kh7 31. Nc4 Bc6 32. e5 Bd7 33. Qd6 Ne8 34. Qd3+ Kh8 35. Qe4 Be6 36. Nd6 1-0

[Event "Privolzhskogo FO-ch"]
[Site "Izhevsk"]
[Date "2005.03.22"]
[Round "7"]
[White "Bykov, Andrei"]
[Black "Bronnikov, Konstantin Alexandr"]
[Result "1-0"]
[WhiteElo "2313"]
[BlackElo "2142"]
[PlyCount "77"]
[EventDate "2005.03.16"]
[EventType "swiss"]
[EventRounds "9"]
[EventCountry "RUS"]
[SourceTitle "CBM 105 Extra"]
[Source "ChessBase"]
[SourceDate "2005.05.01"]
[SourceVersion "1"]
[SourceVersionDate "2005.05.01"]
[SourceQuality "1"]

1. d4 f5 2. g3 Nf6 3. Bg2 e6 4. Nh3 Be7 5. Nd2 0-0 6. 0-0 Nc6 7. Nf3 d6 8. c4 e5 9. d5 Nb8 10. Nhg5 Na6 11. Nd2 Nc5 12. b4 h6 13. Ngf3 Nce4 14. Bb2 a5 15. a3 Qe8 16. Qc2 Qh5 17. Rfe1 Ng4 18. Nxe4 fxe4 19. h3 exf3 20. hxg4 Bxg4 21. exf3 Bxf3 22. Re3 Bg4 23. f4 axb4 24. axb4 Rxa1+ 25. Bxa1 Qf7 26. fxe5 dxe5 27. c5 e4 28. Qxe4 Bg5 29. Ra3 Qf2+ 30. Kh2 h5 31. d6 c6 32. Bd4 Qf7 33. b5 Re8 34. bxc6 bxc6 35. Qxc6 Re2 36. Kh1 Re1+ 37. Bg1 Qf2 38. Qe8+ Kh7 39. Be4+ 1-0

[Event "Privolzhskogo FO-ch"]
[Site "Izhevsk"]
[Date "2005.03.17"]
[Round "2"]
[White "Uraev, Ivan"]
[Black "Bykov, Andrei"]
[Result "1-0"]
[WhiteElo "2152"]
[BlackElo "2313"]
[PlyCount "59"]
[EventDate "2005.03.16"]
[EventType "swiss"]
[EventRounds "9"]
[EventCountry "RUS"]
[SourceTitle "CBM 105 Extra"]
[Source "ChessBase"]
[SourceDate "2005.05.01"]
[SourceVersion "1"]
[SourceVersionDate "2005.05.01"]
[SourceQuality "1"]

1. e4 e5 2. Nf3 Nf6 3. Nxe5 d6 4. Nf3 Nxe4 5. Nc3 Nxc3 6. dxc3 d5 7. Bd3 Be7 8. Bf4 Be6 9. Qd2 Nd7 10. 0-0-0 c6 11. Nd4 Nc5 12. f3 0-0 13. h4 Re8 14. g4 Bd6 15. Bxd6 Qxd6 16. Bf5 Re7 17. h5 Rf8 18. g5 g6 19. Bh3 Bd7 20. Bxd7 Nxd7 21. f4 Nc5 22. Rh4 Ne4 23. Qh2 c5 24. Nf3 Qa6 25. a3 Nxc3 26. hxg6 Ne2+ 27. Kb1 fxg6 28. Ne5 Nd4 29. Rh1 h5 30. Rxh5 1-0

[Event "Moscow Aeroflot op-B"]
[Site "Moscow"]
[Date "2004.02.17"]
[Round "1"]
[White "Kotanjian, Tigran"]
[Black "Bykov, Andrei"]
[Result "1/2-1/2"]
[WhiteElo "2452"]
[BlackElo "2313"]
[PlyCount "115"]
[EventDate "2004.02.17"]
[EventType "swiss"]
[EventRounds "9"]
[EventCountry "RUS"]
[SourceTitle "EXT 2005"]
[Source "ChessBase"]
[SourceDate "2004.11.15"]
[SourceVersion "1"]
[SourceVersionDate "2004.11.15"]
[SourceQuality "1"]

1. d4 Nf6 2. c4 g6 3. Nc3 d5 4. cxd5 Nxd5 5. e4 Nxc3 6. bxc3 Bg7 7. Nf3 c5 8. Be3 0-0 9. Be2 Bg4 10. 0-0 cxd4 11. cxd4 Nc6 12. d5 Ne5 13. Nxe5 Bxe2 14. Qxe2 Bxe5 15. Rab1 Qd7 16. Rfd1 Rfc8 17. f4 Bd6 18. Kh1 Qa4 19. e5 Rc2 20. Rd2 Rxd2 21. Qxd2 Qe4 22. Rxb7 Ba3 23. Qd4 Qxd4 24. Bxd4 Rd8 25. d6 exd6 26. e6 fxe6 27. Rg7+ Kf8 28. Rxh7 e5 29. Rh8+ Ke7 30. Rxd8 Kxd8 31. fxe5 Bc5 32. Bb2 d5 33. g4 Kd7 34. Kg2 Ke6 35. Kf3 Be7 36. Kf4 g5+ 37. Kf3 Bd8 38. h3 Bc7 39. Bc3 Bd8 40. Bd4 Bc7 41. Bf2 Bxe5 42. h4 gxh4 43. Bxh4 Bc7 44. Bf2 Bd8 45. Bd4 Ba5 46. Ke2 a6 47. Kd3 Bb4 48. Kc2 Ba5 49. Kb3 Bd2 50. Ka4 Kf7 51. Kb3 Kg6 52. Kc2 Bf4 53. Kc3 Kg5 54. Kb4 Bd6+ 55. Ka5 Kxg4 56. Kxa6 Kf3 57. a4 Ke4 58. Bb6 1/2-1/2

[Event "Samara op"]
[Site "Samara"]
[Date "2003.??.??"]
[Round "4"]
[White "Bykov, Andrei"]
[Black "Feoktistov, Alexey A"]
[Result "0-1"]
[WhiteElo "2306"]
[BlackElo "2400"]
[PlyCount "46"]
[EventDate "2003.??.??"]
[EventType "swiss"]
[EventRounds "9"]
[EventCountry "RUS"]
[SourceTitle "EXT 2005"]
[Source "ChessBase"]
[SourceDate "2004.11.15"]
[SourceVersion "1"]
[SourceVersionDate "2004.11.15"]
[SourceQuality "1"]

1. d4 d5 2. c4 dxc4 3. e4 e5 4. Nf3 exd4 5. Bxc4 Bb4+ 6. Bd2 Bxd2+ 7. Nbxd2 Nc6 8. 0-0 Nf6 9. h3 0-0 10. e5 Nd7 11. Re1 Nc5 12. a3 Be6 13. Bb5 Bd5 14. b4 Ne6 15. Nb3 Nf4 16. Nc5 b6 17. Nd3 Ne6 18. Rc1 Ne7 19. Nh4 Ng6 20. Nf5 Bxg2 21. Kxg2 Qd5+ 22. Qf3 Qxb5 23. h4 Qxd3 0-1

[Event "WICC qual Moscow 25'+10"]
[Site "FIDE.com"]
[Date "2002.04.18"]
[Round "6"]
[White "Bykov, Andrei"]
[Black "Touzane, Olivier"]
[Result "1-0"]
[WhiteElo "2306"]
[BlackElo "2376"]
[PlyCount "113"]
[EventDate "2002.04.12"]
[EventType "swiss"]
[EventRounds "9"]
[EventCountry "NET"]
[SourceTitle "EXT 2003"]
[Source "ChessBase"]
[SourceDate "2002.11.25"]
[SourceVersion "1"]
[SourceVersionDate "2002.11.25"]
[SourceQuality "1"]

1. d4 Nf6 2. c4 g6 3. Nc3 Bg7 4. e4 d6 5. f3 0-0 6. Bg5 Nbd7 7. Qd2 c6 8. Nh3 a6 9. Nf2 b5 10. Rc1 Bb7 11. Be2 bxc4 12. Bxc4 c5 13. d5 Nb6 14. Be2 Qd7 15. 0-0 e6 16. dxe6 fxe6 17. a4 a5 18. Nb5 Ne8 19. b3 Bc6 20. Rfd1 Nc8 21. Ng4 h5 22. Ne3 Qf7 23. Nc4 Bxb5 24. axb5 Bd4+ 25. Be3 Bxe3+ 26. Qxe3 Qg7 27. Ra1 Qc7 28. Qh6 Qg7 29. Qxg7+ Kxg7 30. Nxa5 Rf7 31. Nc6 Rxa1 32. Rxa1 Nc7 33. e5 Rd7 34. Rc1 Nd5 35. exd6 Rxd6 36. Rxc5 Ncb6 37. Ne5 Nf4 38. Bf1 Rd1 39. Nc4 Rc1 40. Rc6 Nbd5 41. b6 Rb1 42. b7 Ne2+ 43. Kf2 Rxb3 44. Nb6 Nd4 45. Rd6 Nf5 46. Rd7+ Kh6 47. b8Q Rxb6 48. Qf8+ Kg5 49. Qd8+ Kh6 50. Rxd5 exd5 51. Qxb6 d4 52. Bd3 Kg5 53. g4 hxg4 54. fxg4 Kxg4 55. Qxg6+ Kh4 56. Bxf5 d3 57. Qg4# 1-0

[Event "WICC qual Dubai 25'+10"]
[Site "FIDE.com"]
[Date "2002.03.11"]
[Round "9"]
[White "Capezza, Marco"]
[Black "Bykov, Andrei"]
[Result "1-0"]
[WhiteElo "2125"]
[BlackElo "2306"]
[PlyCount "111"]
[EventDate "2002.03.01"]
[EventType "swiss"]
[EventRounds "9"]
[EventCountry "UAE"]
[SourceTitle "EXT 2003"]
[Source "ChessBase"]
[SourceDate "2002.11.25"]
[SourceVersion "1"]
[SourceVersionDate "2002.11.25"]
[SourceQuality "1"]

1. e4 e6 2. d4 d5 3. Nc3 Bb4 4. e5 c5 5. a3 Bxc3+ 6. bxc3 Ne7 7. Qg4 0-0 8. Bd3 Nbc6 9. Nf3 f5 10. exf6 Rxf6 11. Bg5 Rf7 12. Qh4 h6 13. Bxe7 Rxe7 14. 0-0 c4 15. Bg6 Bd7 16. Rfe1 Be8 17. Bxe8 Rxe8 18. Qh3 Qf6 19. Qg3 Re7 20. Re2 Rae8 21. Rae1 Kh7 22. Qd6 Rd8 23. Qg3 Rde8 24. Qd6 Qg6 25. h3 Rd8 26. Qf4 Rde8 27. Kh2 Nd8 28. Nh4 Qf7 29. Qxf7 Rxf7 30. Nf3 Ref8 31. Kg3 Rd7 32. Ne5 Rd6 33. h4 Rb6 34. Nd7 Rf6 35. Nxb6 axb6 36. Rb1 Kg6 37. a4 Kf7 38. Rxb6 Ke7 39. f4 Kd7 40. a5 Kc7 41. h5 Nc6 42. Kg4 Nd8 43. g3 Nc6 44. Re1 Nd8 45. Reb1 Rf7 46. Kf3 Rf5 47. g4 Rf7 48. Kg3 Rf8 49. R1b5 Rf7 50. f5 exf5 51. Rxd5 fxg4 52. Rc5+ Kd7 53. Rg6 Re7 54. Rxc4 Ne6 55. Kxg4 Rf7 56. Rb4 1-0

[Event "RUS-Cup03 Geller Memorial"]
[Site "Moscow"]
[Date "1999.02.13"]
[Round "4"]
[White "Volkov, Sergey"]
[Black "Bykov, Andrei"]
[Result "1-0"]
[WhiteElo "2587"]
[BlackElo "2391"]
[PlyCount "63"]
[EventDate "1999.02.10"]
[EventType "swiss"]
[EventRounds "9"]
[EventCountry "RUS"]
[SourceTitle "CBM 070"]
[Source "ChessBase"]
[SourceDate "1999.06.08"]
[SourceVersion "1"]
[SourceVersionDate "1999.06.08"]
[SourceQuality "1"]

1. d4 Nf6 2. c4 g6 3. Nc3 Bg7 4. e4 d6 5. Be2 0-0 6. Nf3 e5 7. Be3 c6 8. 0-0 Qe7 9. d5 Ng4 10. Bd2 f5 11. b4 a5 12. dxc6 bxc6 13. b5 h6 14. Ne1 Nf6 15. f3 Be6 16. Be3 Rd8 17. Rc1 Kh7 18. Qa4 Rc8 19. Nd3 f4 20. Bf2 c5 21. Rb1 Nbd7 22. b6 Rcb8 23. Qc6 Ra6 24. Na4 Ne8 25. Qb5 Raxb6 26. Nxb6 Rxb6 27. Qxa5 Rxb1 28. Rxb1 Bxc4 29. Nxf4 Bxa2 30. Qxa2 exf4 31. Rb7 Nef6 32. Bb5 1-0

[Event "RUS-Cup03 Geller Memorial"]
[Site "Moscow"]
[Date "1999.02.12"]
[Round "3"]
[White "Bykov, Andrei"]
[Black "Nikolenko, Oleg"]
[Result "0-1"]
[WhiteElo "2391"]
[BlackElo "2510"]
[PlyCount "60"]
[EventDate "1999.02.10"]
[EventType "swiss"]
[EventRounds "9"]
[EventCountry "RUS"]
[SourceTitle "CBM 070"]
[Source "ChessBase"]
[SourceDate "1999.06.08"]
[SourceVersion "1"]
[SourceVersionDate "1999.06.08"]
[SourceQuality "1"]

1. d4 Nf6 2. c4 e6 3. Nc3 Bb4 4. Qc2 c5 5. dxc5 Na6 6. Nf3 Nxc5 7. a3 Bxc3+ 8. Qxc3 b6 9. e3 0-0 10. Be2 Ba6 11. b4 Nce4 12. Qb3 Qc7 13. Bb2 Ng4 14. 0-0 Nd2 15. Be5 Nxf3+ 16. Bxf3 Nxe5 17. Bxa8 Bxc4 18. Rfc1 Rxa8 19. h3 d5 20. a4 Qe7 21. Qc3 Nd3 22. Rcb1 Qh4 23. Qd2 e5 24. b5 h6 25. a5 Re8 26. axb6 axb6 27. f3 e4 28. f4 Qg3 29. Rf1 Bxb5 30. Rab1 Bc4 0-1

[Event "Moscow-ch"]
[Site "Moscow"]
[Date "1999.??.??"]
[Round "3"]
[White "Bykov, Andrei"]
[Black "Semin, Gennadiy Vladimirov"]
[Result "0-1"]
[WhiteElo "2391"]
[BlackElo "2280"]
[PlyCount "55"]
[EventDate "1999.??.??"]
[EventType "swiss"]
[EventRounds "9"]
[EventCountry "RUS"]
[SourceTitle "EXT 2001"]
[Source "ChessBase"]
[SourceDate "2000.11.22"]
[SourceVersion "1"]
[SourceVersionDate "2000.11.22"]
[SourceQuality "1"]

1. e4 d6 2. d4 Nf6 3. Nc3 c6 4. f4 g6 5. Nf3 Bg7 6. Bd3 0-0 7. 0-0 Bg4 8. Be3 Nbd7 9. Qe1 Bxf3 10. Rxf3 Ng4 11. e5 Nxe3 12. Qxe3 c5 13. dxc5 dxe5 14. Rd1 exf4 15. Qxf4 Qc8 16. Bc4 Qxc5+ 17. Re3 Ne5 18. Be2 Nc6 19. Rd5 Qb4 20. Qxb4 Nxb4 21. Rd7 e6 22. Kf1 Nxc2 23. Red3 Nb4 24. Rd2 Rab8 25. Bf3 Bh6 26. R2d4 Nc6 27. Ne4 Nxd4 28. Rxd4 0-1